Suomen suurimmat kaupungit 2020 - Statistics

Yleistilastot
  • Tätä visaa on pelattu 449 kertaa
  • Keskiarvotulos 37 / 50
Vastaustilastot
Maakunta Kaupunki Asukasluku % Oikein
Uusimaa Helsinki 655 281
100%
Uusimaa Espoo 290 200
98%
Pohjois-Pohjanmaa Oulu 205 629
98%
Varsinais-Suomi Turku 193 176
98%
Uusimaa Vantaa 233 383
98%
Keski-Suomi Jyväskylä 142 477
96%
Lappi Rovaniemi 63 128
96%
Pirkanmaa Tampere 238 420
96%
Päijät-Häme Lahti 119 917
94%
Pohjois-Savo Kuopio 119 379
93%
Pohjois-Karjala Joensuu 76 840
92%
Satakunta Pori 83 905
92%
Pohjanmaa Vaasa 67 623
92%
Kanta-Häme Hämeenlinna 67 658
90%
Etelä-Karjala Lappeenranta 72 667
90%
Kymenlaakso Kouvola 82 104
89%
Kymenlaakso Kotka 52 096
88%
Etelä-Pohjanmaa Seinäjoki 63 834
88%
Etelä-Savo Mikkeli 53 197
87%
Uusimaa Porvoo 50 361
83%
Varsinais-Suomi Salo 51 790
80%
Satakunta Rauma 39 190
79%
Kainuu Kajaani 36 700
78%
Keski-Pohjanmaa Kokkola 47 724
78%
Uusimaa Järvenpää 43 739
73%
Pirkanmaa Nokia 33 966
72%
Uusimaa Kerava 36 789
71%
Uusimaa Hyvinkää 46 507
69%
Etelä-Karjala Imatra 26 509
69%
Etelä-Savo Savonlinna 32 976
69%
Lappi Tornio 21 640
69%
Uusimaa Lohja 45 975
65%
Uusimaa Kirkkonummi 39 613
62%
Kanta-Häme Riihimäki 28 815
62%
Pirkanmaa Lempäälä 23 511
59%
Uusimaa Nurmijärvi 43 036
59%
Pohjois-Savo Iisalmi 21 374
58%
Pirkanmaa Ylöjärvi 33 216
57%
Varsinais-Suomi Raisio 24 096
55%
Uusimaa Tuusula 38 628
55%
Varsinais-Suomi Kaarina 33 979
54%
Pohjois-Pohjanmaa Raahe 24 679
52%
Uusimaa Sipoo 21 257
52%
Uusimaa Raasepori 27 537
51%
Pirkanmaa Kangasala 31 897
48%
Uusimaa Vihti 29 160
48%
Päijät-Häme Hollola 23 428
42%
Pirkanmaa Sastamala 24 251
42%
Pirkanmaa Valkeakoski 20 937
41%
Pohjois-Savo Siilinjärvi 21 446
35%
Ehtoja vastaavia visoja ei löytynyt
Tulosjakauma
Jokaisen tuloksen saaneiden osuus
Persentiili vastausten määrän mukaan
Tuloshistoriasi
Et ole pelannut tätä visaa